Quick Pick: Signature Browns Quiz Stats

 Plays Quiz Updated Mar 8, 2018

Challenge
Share
Tweet
Embed
Score 0/12 Timer 01:30
1 Play Today
% Correct
Charlie Brown
88.9%
Brown Sugar
79.7%
The Unsinkable Molly Brown
70.4%
Brown v. Board of Education
61.4%
Lavender Brown
59.5%
Brownout
54.1%
Dr. Brown's
53%
Brown Derby
47.6%
Encyclopedia Brown
37%
Little Brown Jug
31.4%
Brownsville Station
25.2%
Brown Dog affair
22.1%

Today's Daily Dose

Missing Word
Bible Verses

Quick Pick
Brad Pitt Roles

On This Day
July 21st II

You're not logged in!

Compare scores with friends on all Sporcle quizzes.
Join for Free
OR
Log In

You Might Also Like...

Show Comments

Extras

Top Quizzes Today


Score Distribution

Your Account Isn't Verified!

In order to create a playlist on Sporcle, you need to verify the email address you used during registration. Go to your Sporcle Settings to finish the process.

Report this User

Report this user for behavior that violates our Community Guidelines.

Details: